Mujeres que cuentan / (Registro nro. 30524)

Detalles MARC
000 -CABECERA
campo de control de longitud fija 01023nam a2200229 4500
008 - CÓDIGOS DE INFORMACIÓN DE LONGITUD FIJA
fixed length control field 240208b |||||||| |||| 00| 0 eng d
020 ## - NÚMERO INTERNACIONAL NORMALIZADO PARA LIBROS
ISBN 9786289525816
037 ## - SOURCE OF ACQUISITION
Materials specified Donación
040 ## - Fuente de catalogación
Agencia original de catalogación CO-JMCR
Agencia de transcripción CO-JMCR
Agencia de modificación CO-JMCR
Convenciones de descripción rda
041 0# - CÓDIGO DE LENGUA
Código idioma spa
082 04 - NÚMERO DE LA CLASIFICACIÓN DECIMAL DEWEY
Número de clasificación Decimal A-C
Número de documento (Cutter) MEJm
100 ## - PUNTO DE ACCESO PRINCIPAL-NOMBRE DE PERSONA
Nombre personal Ortiz, Laura,
Término de función/relación autor
9 (RLIN) 43249
245 ## - TÍTULO PROPIAMENTE DICHO
Título Mujeres que cuentan /
Mención de responsabilidad, etc. Laura Ortiz y [otros 16] ; Editado por Marco Mejía
264 ## - PRODUCCION, PUBLICACION, DISTRIBUCION, COPYRIGHT
Lugar de producción, publicación, distribución, etc Medellín :
Nombre del editor, productor, distribuidor, etc Confiar coop ,
Fecha de producción, publicación, distribución, copyright ©2023
300 ## - DESCRIPCIÓN FÍSICA
Extensión 170 páginas :
Dimensiones 19 cm.
505 ## - NOTA DE CONTENIDO FORMATADO
Nota de contenido formateada Tigre americano, Panthera onca -- El zapote -- Alabao -- La noche de los cangrejos -- Ojos de gato -- el guerrillero -- el cementerio -- el encierro -- el muñeco -- el tren -- fran -- De luto -- Como en una novela -- Deja caer -- el quijote de la entrada -- Cuento magico en Roma.
650 ## - TÉRMINO DE MATERIA
9 (RLIN) 43250
650 ## - TÉRMINO DE MATERIA
9 (RLIN) 43251
650 ## - TÉRMINO DE MATERIA
subdivision Geografica Colombianos
9 (RLIN) 43252
700 ## - AUTOR SECUNDARIO - PERSONA
Nombre de persona Mejía, Marco,
9 (RLIN) 43253
Existencias
Withdrawn status Lost status Source of classification or shelving scheme Damaged status Not for loan Home library Current library Shelving location Date acquired Source of acquisition Total Checkouts Full call number Barcode Date last seen Date last checked out Copy number Price effective from Koha item type
    Dewey Decimal Classification     Biblioteca Pública José María del Castillo y Rada Biblioteca Pública José María del Castillo y Rada Fiction 01/25/2024 Donación 1 A-C MEJm 201812235 04/09/2024 04/09/2024 Ej.1 02/08/2024 Books